00437nam a22001937a 450000500170000001000110001702000100002803500110003803700160004904000120006508200120007710000190008924500370010826000300014527000120017530000200018765000240020765000120023120170124110104.0 a391665 c00.00 a391665 bCen Lib/Ret aDPLbEN aN-bALB aAlbert, Alain  aThe crossing /cby Alain Albert  bHeinemann c1964aLondon  bLondon  a155p.c19cm(Hb) aEnglish literature  aNovels